[Event "Oberliga Ost B"]
[Site "?"]
[Date "2022.03.05"]
[Round "8.6"]
[White "Diaz, Joaquin"]
[Black "Mueller, Achim"]
[Result "1/2-1/2"]
[WhiteElo "2151"]
[BlackElo "2101"]
[PlyCount "40"]
[EventDate "2021.10.10"]
[EventType "team-tourn"]
[EventCountry "GER"]
[WhiteTeam "Griesheim SV"]
[BlackTeam "Schoeneck SF"]
[WhiteTeamCountry "GER"]
[BlackTeamCountry "GER"]

1. e4 c5 2. Nc3 Nc6 3. Nf3 g6 4. d4 cxd4 5. Nxd4 Bg7 6. Be3 Qa5 7. Qd2 Nf6 8.
f3 a6 9. Nb3 Qc7 10. O-O-O d6 11. Nd5 Nxd5 12. exd5 Ne5 13. Qa5 Qxa5 14. Nxa5
O-O 15. Be2 h5 16. f4 Ng4 17. Bd4 Rb8 18. Ba7 Ra8 19. Bd4 Rb8 20. Ba7 Ra8
1/2-1/2

[Event "Oberliga Ost B"]
[Site "?"]
[Date "2022.03.05"]
[Round "8.7"]
[White "Jung, Kenny"]
[Black "Hahn, Werner"]
[Result "0-1"]
[WhiteElo "1480"]
[BlackElo "2177"]
[PlyCount "114"]
[EventDate "2021.10.10"]
[EventType "team-tourn"]
[EventCountry "GER"]
[WhiteTeam "Schoeneck SF"]
[BlackTeam "Griesheim SV"]
[WhiteTeamCountry "GER"]
[BlackTeamCountry "GER"]

1. e4 c5 2. Nf3 d6 3. Bb5+ Bd7 4. Bxd7+ Nxd7 5. d3 Ngf6 6. c4 g6 7. Nc3 Bg7 8.
O-O O-O 9. Bf4 a6 10. Qd2 Re8 11. Bh6 Bh8 12. Rfe1 Qb8 13. a4 e6 14. Rab1 Qc7
15. b3 Rac8 16. Rbd1 Ng4 17. Bf4 Nge5 18. Nxe5 Nxe5 19. Bg3 Qb6 20. Qc2 Nc6 21.
Ne2 Nb4 22. Qd2 d5 23. e5 Nc6 24. Qb2 dxc4 25. dxc4 Red8 26. f4 Na5 27. Rb1 Rd3
28. Nc1 Rd7 29. Qc3 Bg7 30. Bh4 Nc6 31. Qe3 Nd4 32. Qc3 Nf5 33. Bf2 Qd8 34. Rb2
g5 35. g4 Nd4 36. Bxd4 Rxd4 37. Ne2 Rd3 38. Qc1 gxf4 39. Nxf4 Qd4+ 40. Kh1 Rc3
41. Qd2 Qxd2 42. Rxd2 Rxb3 43. Red1 Kf8 44. Rf2 Ke7 45. Rfd2 Bxe5 46. Rd7+ Ke8
47. Nxe6 fxe6 48. Rxh7 Rc7 49. Rh6 Re7 50. g5 Rc3 51. h4 Rxc4 52. Rg1 Rc2 53.
Rg4 Bg7 54. Rh7 Rd7 55. h5 Rc1+ 56. Rg1 Rxg1+ 57. Kxg1 Bd4+ 0-1

[Event "Oberliga Ost B"]
[Site "?"]
[Date "2022.03.05"]
[Round "8.1"]
[White "Sadeghi, Behrang"]
[Black "Geske, Julian"]
[Result "0-1"]
[WhiteElo "2256"]
[BlackElo "2374"]
[PlyCount "80"]
[EventDate "2021.10.10"]
[EventType "team-tourn"]
[EventCountry "GER"]
[WhiteTeam "Homburg Bad SK"]
[BlackTeam "Wiesbadener SV"]
[WhiteTeamCountry "GER"]
[BlackTeamCountry "GER"]

1. e4 e5 2. Nf3 Nc6 3. Bb5 a6 4. Ba4 Nf6 5. d3 d6 6. c3 g6 7. O-O Bg7 8. Re1
O-O 9. Nbd2 b5 10. Bc2 Re8 11. a4 Bb7 12. d4 Nb8 13. axb5 axb5 14. Rxa8 Bxa8
15. dxe5 dxe5 16. Qe2 c6 17. Nb3 Nbd7 18. Rd1 Qc7 19. h3 Bf8 20. Re1 Rb8 21.
Nbd2 c5 22. b3 Bc6 23. Bb2 Nh5 24. g3 Ng7 25. Nf1 Ne6 26. Ne3 Nf6 27. Nd5 Nxd5
28. exd5 Bxd5 29. Nxe5 c4 30. b4 Bg7 31. f4 Ba8 32. Kh2 Re8 33. Qf2 Ng5 34.
fxg5 Rxe5 35. Rf1 Qe7 36. Bd1 Rxg5 37. Bg4 h5 38. Bd1 Rf5 39. Qg1 Rxf1 40. Qxf1
h4 0-1

[Event "Oberliga Ost B"]
[Site "?"]
[Date "2022.03.05"]
[Round "8.2"]
[White "Alienkin, Aleksander"]
[Black "Dunsbach, Ralf"]
[Result "1-0"]
[WhiteElo "2361"]
[BlackElo "2146"]
[PlyCount "35"]
[EventDate "2021.10.10"]
[EventType "team-tourn"]
[EventCountry "GER"]
[WhiteTeam "Wiesbadener SV"]
[BlackTeam "Homburg Bad SK"]
[WhiteTeamCountry "GER"]
[BlackTeamCountry "GER"]

1. d4 Nf6 2. Nf3 g6 3. c4 Bg7 4. g3 O-O 5. Bg2 d6 6. O-O Nc6 7. Nc3 Rb8 8. b3
a6 9. Bb2 b5 10. d5 Na5 11. cxb5 axb5 12. Nd4 Bd7 13. e4 Qc8 14. Re1 c5 15.
dxc6 Nxc6 16. Ncxb5 Qa6 17. Nc7 Qa5 18. Nd5 1-0

[Event "Oberliga Ost B"]
[Site "?"]
[Date "2022.03.05"]
[Round "8.3"]
[White "Schmidt, Walter"]
[Black "Gottschalk, Jens"]
[Result "1/2-1/2"]
[WhiteElo "2229"]
[BlackElo "2265"]
[PlyCount "27"]
[EventDate "2021.10.10"]
[EventType "team-tourn"]
[EventCountry "GER"]
[WhiteTeam "Homburg Bad SK"]
[BlackTeam "Wiesbadener SV"]
[WhiteTeamCountry "GER"]
[BlackTeamCountry "GER"]

1. e4 c5 2. Nf3 Nc6 3. d4 cxd4 4. Nxd4 Nf6 5. Nc3 e6 6. g3 Bb4 7. Bg2 O-O 8.
O-O a6 9. Nce2 Qc7 10. c4 b6 11. b3 Bb7 12. Bb2 Nxd4 13. Qxd4 Bc5 14. Qd3
1/2-1/2

[Event "Oberliga Ost B"]
[Site "?"]
[Date "2022.03.05"]
[Round "8.4"]
[White "Minor, Samuel"]
[Black "Kaliski, Erwin"]
[Result "1/2-1/2"]
[WhiteElo "2253"]
[BlackElo "2178"]
[PlyCount "40"]
[EventDate "2021.10.10"]
[EventType "team-tourn"]
[EventCountry "GER"]
[WhiteTeam "Wiesbadener SV"]
[BlackTeam "Homburg Bad SK"]
[WhiteTeamCountry "GER"]
[BlackTeamCountry "GER"]

1. e4 e6 2. d3 d5 3. Qe2 Nf6 4. Nf3 Be7 5. g3 c5 6. Bg2 Nc6 7. O-O O-O 8. e5
Nd7 9. c4 Nb6 10. Nc3 Nd4 11. Nxd4 cxd4 12. Nb1 dxc4 13. dxc4 Qc7 14. b3 Nd7
15. Bb2 Qxe5 16. Qxe5 Nxe5 17. Bxd4 Nc6 18. Bxc6 bxc6 19. Nc3 Rd8 20. Rad1 f6
1/2-1/2

[Event "Oberliga Ost B"]
[Site "?"]
[Date "2022.03.05"]
[Round "8.5"]
[White "Lenz, Jonas"]
[Black "Nehmert, Ulrich"]
[Result "1/2-1/2"]
[WhiteElo "2099"]
[BlackElo "2228"]
[PlyCount "30"]
[EventDate "2021.10.10"]
[EventType "team-tourn"]
[EventCountry "GER"]
[WhiteTeam "Homburg Bad SK"]
[BlackTeam "Wiesbadener SV"]
[WhiteTeamCountry "GER"]
[BlackTeamCountry "GER"]

1. d4 c6 2. c4 Nf6 3. Nf3 g6 4. g3 Bg7 5. Bg2 Qa5+ 6. Nc3 Qa6 7. Qb3 O-O 8. O-O
d6 9. h3 Nbd7 10. Be3 Nb6 11. Nd2 e5 12. d5 Bd7 13. a4 Qa5 14. Qa3 c5 15. Nb5
Nc8 1/2-1/2

[Event "Oberliga Ost B"]
[Site "?"]
[Date "2022.03.05"]
[Round "8.6"]
[White "Ochs, Daniel Elias"]
[Black "Haucke, Alexander"]
[Result "1/2-1/2"]
[WhiteElo "2040"]
[BlackElo "2227"]
[PlyCount "49"]
[EventDate "2021.10.10"]
[EventType "team-tourn"]
[EventCountry "GER"]
[WhiteTeam "Wiesbadener SV"]
[BlackTeam "Homburg Bad SK"]
[WhiteTeamCountry "GER"]
[BlackTeamCountry "GER"]

1. d4 Nf6 2. Nf3 g6 3. g3 Bg7 4. Bg2 O-O 5. O-O d6 6. c4 Nc6 7. Nc3 a6 8. b3
Rb8 9. d5 Na5 10. Bg5 c5 11. dxc6 Nxc6 12. Rc1 h6 13. Be3 Bd7 14. Nd5 Nxd5 15.
cxd5 Ne5 16. Nxe5 dxe5 17. Qd2 Kh7 18. Rfd1 Bf5 19. Qb4 b5 20. Rc6 a5 21. Qc5
Re8 22. Rc1 Bf8 23. Qc3 e4 24. Qd4 Bg7 25. Qc5 1/2-1/2

[Event "Oberliga Ost B"]
[Site "?"]
[Date "2022.03.05"]
[Round "8.7"]
[White "Novak, Volker"]
[Black "Ochs, Holger"]
[Result "1/2-1/2"]
[WhiteElo "2066"]
[BlackElo "2226"]
[PlyCount "35"]
[EventDate "2021.10.10"]
[EventType "team-tourn"]
[EventCountry "GER"]
[WhiteTeam "Homburg Bad SK"]
[BlackTeam "Wiesbadener SV"]
[WhiteTeamCountry "GER"]
[BlackTeamCountry "GER"]

1. c4 e6 2. Nc3 d5 3. d4 Bb4 4. e3 Nf6 5. Bd3 e5 6. dxe5 dxc4 7. Qa4+ Nc6 8.
Bxc4 Ne4 9. Nge2 Nc5 10. Qc2 Nxe5 11. Bb3 Ned3+ 12. Kf1 Nxb3 13. Qxb3 Be6 14.
Qa4+ c6 15. Qc2 Nxc1 16. Rxc1 O-O 17. a3 Bxc3 18. Qxc3 1/2-1/2

[Event "Oberliga Ost B"]
[Site "?"]
[Date "2022.03.05"]
[Round "8.8"]
[White "Ungurean, Florin Ioan"]
[Black "Nagelsdiek, Ralf"]
[Result "1-0"]
[WhiteElo "2002"]
[BlackElo "2039"]
[PlyCount "59"]
[EventDate "2021.10.10"]
[EventType "team-tourn"]
[EventCountry "GER"]
[WhiteTeam "Wiesbadener SV"]
[BlackTeam "Homburg Bad SK"]
[WhiteTeamCountry "GER"]
[BlackTeamCountry "GER"]

1. d4 Nf6 2. Nf3 g6 3. Bf4 Bg7 4. e3 d6 5. h3 b6 6. Be2 Bb7 7. O-O O-O 8. a4 c5
9. Nc3 Nbd7 10. d5 Qc8 11. e4 Ba6 12. Bb5 Bxb5 13. axb5 a5 14. bxa6 Rxa6 15.
Qe2 Rxa1 16. Rxa1 Nh5 17. Bg5 Bf6 18. Bxf6 exf6 19. Qb5 Qb7 20. Qc6 Rb8 21.
Qxb7 Rxb7 22. Nb5 Kf8 23. Nxd6 Rb8 24. Ra7 Ke7 25. Nxf7 Nf4 26. g3 Nxd5 27.
exd5 Rf8 28. N7e5 fxe5 29. Nxe5 Kd6 30. Nxd7 1-0

[Event "Oberliga Ost B"]
[Site "?"]
[Date "2022.03.06"]
[Round "9.3"]
[White "Dubiel, Jacek"]
[Black "Urban, Lars"]
[Result "1/2-1/2"]
[WhiteElo "2419"]
[BlackElo "2183"]
[PlyCount "150"]
[EventDate "2021.10.10"]
[EventType "team-tourn"]
[EventCountry "GER"]
[WhiteTeam "Oberursel SV"]
[BlackTeam "Erfurt SV Empor"]
[WhiteTeamCountry "GER"]
[BlackTeamCountry "GER"]

1. e4 e6 2. d4 d5 3. Nd2 c5 4. exd5 exd5 5. Ngf3 Nc6 6. Bb5 Qe7+ 7. Qe2 Qxe2+
8. Kxe2 a6 9. Bxc6+ bxc6 10. Re1 f6 11. c4 cxd4 12. Nxd4 c5 13. Kf1+ Kf7 14.
Nc6 Be6 15. cxd5 Bxd5 16. Na5 Bd6 17. Ndc4 Bc7 18. Be3 Bxa5 19. Nxa5 Rb8 20. b3
Nh6 21. Bxc5 Rhc8 22. b4 Rb5 23. Rec1 Ng4 24. Nc4 Bxc4+ 25. Rxc4 Ne5 26. Rd4
Rb7 27. Rad1 a5 28. a3 g5 29. Rd5 Ra8 30. Rd8 Rxd8 31. Rxd8 Nd7 32. Ra8 Nxc5
33. bxc5 Rb5 34. c6 Rc5 35. g3 Rxc6 36. Rxa5 g4 37. Ra4 h5 38. Kg2 Rc2 39. Rf4
Ra2 40. a4 Kg6 41. h3 gxh3+ 42. Kxh3 Kg5 43. Kg2 f5 44. Rb4 Ra1 45. Rb6 h4 46.
gxh4+ Kxh4 47. Rb4+ Kg5 48. f4+ Kg4 49. Kf2 Rh1 50. Rc4 Rh8 51. Ke3 Ra8 52. Kd2
Kf3 53. Kd3 Ra7 54. Kc3 Ke3 55. Kb4 Kd3 56. Kb5 Ra8 57. Rb4 Kc3 58. Rc4+ Kd3
59. Rc1 Ke3 60. Rf1 Ke2 61. Ra1 Ke3 62. Rf1 Ke2 63. Ra1 Ke3 64. a5 Kxf4 65. Kb6
Kg3 66. Kb7 Rh8 67. Rg1+ Kf2 68. Rg7 f4 69. a6 f3 70. a7 Ke2 71. Re7+ Kd2 72.
a8=Q Rxa8 73. Kxa8 f2 74. Rf7 Ke2 75. Rxf2+ Kxf2 1/2-1/2

[Event "Oberliga Ost B"]
[Site "?"]
[Date "2022.03.06"]
[Round "9.4"]
[White "Michalowski, Peter"]
[Black "Akbarinia, Sayed Arash"]
[Result "0-1"]
[WhiteElo "2107"]
[BlackElo "2377"]
[PlyCount "168"]
[EventDate "2021.10.10"]
[EventType "team-tourn"]
[EventCountry "GER"]
[WhiteTeam "Erfurt SV Empor"]
[BlackTeam "Oberursel SV"]
[WhiteTeamCountry "GER"]
[BlackTeamCountry "GER"]

{[%evp 0,168,19,38,72,69,53,55,76,66,54,33,39,39,63,30,50,45,54,49,60,30,63,44,
44,34,52,9,14,5,21,5,25,27,51,58,51,68,71,71,58,54,83,100,109,75,80,63,68,42,
50,28,32,-16,69,58,54,48,54,28,34,0,19,-1,-1,3,27,35,36,35,107,52,91,82,214,
-75,-74,-69,-75,-76,-100,-103,-104,-145,-157,-157,-154,-149,-122,-109,-112,
-124,-99,-113,-103,-115,-89,-106,-106,-112,-75,-89,-89,-89,-86,-96,-80,-86,-86,
-134,-142,-143,-143,-143,-163,-139,-139,-139,-136,-136,-136,-136,-132,-194,
-132,-132,-131,-132,-132,-132,-129,-132,-128,-128,-128,-132,-132,-131,-132,
-132,-132,-132,-132,-132,-132,-132,-131,-131,-131,-127,-132,-132,-132,-132,
-131,-132,-132,-293,-202,-399,-344,-478,-478,-373,-374,-400,-399,-1126,-404,
-1012,-1012]} 1. e4 c6 2. d4 d5 3. e5 Bf5 4. Nf3 e6 5. Be2 h6 6. O-O Ne7 7.
Nbd2 Bh7 8. Nb3 Nd7 9. a4 Rc8 10. Re1 Ng6 11. Be3 Be7 12. a5 O-O 13. Rc1 Bb4
14. Bd2 Bxd2 15. Qxd2 Qe7 16. c4 dxc4 17. Rxc4 Rfd8 18. Bd3 Ngf8 19. Bxh7+ Nxh7
20. Qc3 Nb8 21. Nc5 Rc7 22. Rb4 Nf8 23. Nd2 Rd5 24. Nc4 Na6 25. Nxa6 bxa6 26.
Rb8 Qh4 27. Ne3 Rd8 28. Rb4 Qg5 29. Rc4 Ng6 30. Rxc6 Rxc6 31. Qxc6 Rxd4 32.
Qe8+ Kh7 33. Qxf7 Nxe5 34. Qxa7 Rd2 35. Qb7 Qf4 36. Rf1 Nd3 37. Qf3 Qxf3 38.
gxf3 Rxb2 39. Kg2 Ra2 40. Kg3 Rxa5 41. f4 Ra4 42. f5 exf5 43. Nxf5 Ra5 44. Ne3
Ra2 45. f3 Re2 46. Nf5 Re5 47. Rd1 Rd5 48. h4 a5 49. Ne3 Rd6 50. Nc4 Rg6+ 51.
Kh2 Nf4 52. Rd4 Ne6 53. Rd6 Nf4 54. Rxg6 Nxg6 55. Nxa5 Nxh4 56. Kg3 Nf5+ 57.
Kf4 Kg6 58. Nc4 Kf6 59. Kg4 g6 60. f4 Nd4 61. Ne3 Ke6 62. Nc4 Nc6 63. Ne3 Ne7
64. Kf3 Nd5 65. Nc4 Kf5 66. Nd6+ Kf6 67. Ke4 Ke6 68. Nc4 h5 69. Ne5 Nf6+ 70.
Kf3 Kf5 71. Nc6 Nd5 72. Nd4+ Kf6 73. Ke4 Nc7 74. Nf3 Ne8 75. Nd4 Nd6+ 76. Kf3
Nf5 77. Nc6 Ke6 78. Ne5 g5 79. Nd3 g4+ 80. Ke4 Nd6+ 81. Ke3 Kf5 82. Ne5 h4 83.
Nd3 Nc4+ 84. Kd4 g3 0-1

[Event "Oberliga Ost B"]
[Site "?"]
[Date "2022.03.06"]
[Round "9.5"]
[White "Stork, Oliver"]
[Black "Heinke, Jasper"]
[Result "1-0"]
[WhiteElo "2313"]
[BlackElo "2034"]
[PlyCount "67"]
[EventDate "2021.10.10"]
[EventType "team-tourn"]
[EventCountry "GER"]
[WhiteTeam "Oberursel SV"]
[BlackTeam "Erfurt SV Empor"]
[WhiteTeamCountry "GER"]
[BlackTeamCountry "GER"]

1. c4 Nf6 2. Nc3 e5 3. Nf3 Nc6 4. e3 d5 5. cxd5 Nxd5 6. Bb5 Nxc3 7. bxc3 Bd6 8.
d4 exd4 9. cxd4 O-O 10. O-O Bg4 11. h3 Bh5 12. Be2 Bg6 13. Qb3 Be4 14. Nd2 Bd5
15. Qd3 Re8 16. e4 Nxd4 17. Qxd4 Be5 18. Qxd5 Qxd5 19. exd5 Bxa1 20. Bf3 Rab8
21. Nc4 b5 22. Na5 Rb6 23. Be3 Ra6 24. Rxa1 Rxa5 25. Bf4 Re7 26. Rc1 g5 27.
Bxc7 Rxa2 28. d6 Re8 29. d7 Rf8 30. d8=Q Rxd8 31. Bxd8 b4 32. Bf6 h6 33. Rc8+
Kh7 34. Be4# 1-0

[Event "Oberliga Ost B"]
[Site "?"]
[Date "2022.03.06"]
[Round "9.6"]
[White "Rempel, Patrick"]
[Black "Schlamp, Robert"]
[Result "0-1"]
[WhiteElo "2063"]
[BlackElo "2259"]
[PlyCount "84"]
[EventDate "2021.10.10"]
[EventType "team-tourn"]
[EventCountry "GER"]
[WhiteTeam "Erfurt SV Empor"]
[BlackTeam "Oberursel SV"]
[WhiteTeamCountry "GER"]
[BlackTeamCountry "GER"]

1. d4 Nf6 2. c4 g6 3. Nc3 Bg7 4. e4 d6 5. f3 O-O 6. Nge2 e5 7. Bg5 c6 8. Qd2
Nbd7 9. d5 Nb6 10. Nc1 cxd5 11. cxd5 Bd7 12. Nb3 a5 13. Rc1 a4 14. Na1 Rc8 15.
b3 axb3 16. axb3 Na8 17. Be2 b5 18. O-O Qb6+ 19. Be3 Qb7 20. Na2 Nh5 21. Rxc8
Rxc8 22. Rc1 Rxc1+ 23. Qxc1 f5 24. Nb4 Nf6 25. Qc2 Nc7 26. h3 Bf8 27. Bd3 fxe4
28. fxe4 Nh5 29. Kh2 Be7 30. Nc6 Bh4 31. Na5 Qb8 32. Qd2 Bg3+ 33. Kh1 Nf4 34.
Bf1 Qf8 35. Kg1 Qh6 36. Nb7 Ne8 37. Nc2 Qg5 38. Kh1 Qh4 39. Kg1 g5 40. Bf2 g4
41. Bxg3 Qxg3 42. Qe3 Nxh3+ 0-1

[Event "Oberliga Ost B"]
[Site "?"]
[Date "2022.03.06"]
[Round "9.7"]
[White "Chandler, Patrick"]
[Black "Rudnizki, Sergej"]
[Result "1-0"]
[WhiteElo "2151"]
[BlackElo "2132"]
[PlyCount "68"]
[EventDate "2021.10.10"]
[EventType "team-tourn"]
[EventCountry "GER"]
[WhiteTeam "Oberursel SV"]
[BlackTeam "Erfurt SV Empor"]
[WhiteTeamCountry "GER"]
[BlackTeamCountry "GER"]

1. Nf3 Nf6 2. b4 g6 3. Bb2 Bg7 4. e3 d6 5. d3 O-O 6. Nbd2 e5 7. Be2 Nd5 8. c3
f5 9. Qb3 Be6 10. c4 Nb6 11. Bc3 h6 12. a4 N8d7 13. a5 Nc8 14. Qb2 g5 15. Nb3
Ne7 16. Nfd2 a6 17. g3 Rb8 18. d4 Bf6 19. f3 Qe8 20. d5 Bf7 21. e4 Bg6 22. Qc2
Qf7 23. Bd3 Qh7 24. O-O-O c6 25. h4 gxh4 26. gxh4 Bh5 27. dxc6 bxc6 28. exf5 d5
29. Rdg1+ Kh8 30. Rh3 d4 31. Bb2 Rxb4 32. Ba3 Ra4 33. Bd6 c5 34. Rgg3 Bf7 1-0

[Event "Oberliga Ost B"]
[Site "?"]
[Date "2022.03.06"]
[Round "9.8"]
[White "Reuter, Elisa"]
[Black "Papadopoulos, Ioannis"]
[Result "1/2-1/2"]
[WhiteElo "1853"]
[BlackElo "2072"]
[PlyCount "60"]
[EventDate "2021.10.10"]
[EventType "team-tourn"]
[EventCountry "GER"]
[WhiteTeam "Erfurt SV Empor"]
[BlackTeam "Oberursel SV"]
[WhiteTeamCountry "GER"]
[BlackTeamCountry "GER"]

{[%evp 0,9,19,31,72,53,43,52,35,54,40,11]} 1. e4 c5 2. Nf3 e6 3. d4 cxd4 4.
Nxd4 Nc6 5. Nxc6 bxc6 6. c4 Nf6 7. Bd3 d5 8. Qe2 Bb4+ 9. Bd2 Bxd2+ 10. Nxd2 O-O
11. O-O Rb8 12. b3 c5 13. e5 Nd7 14. f4 Bb7 15. Nf3 h6 16. cxd5 Bxd5 17. Rad1
Qe7 18. Nd2 Nb6 19. Rc1 Rbc8 20. Ne4 Bxe4 21. Qxe4 g6 22. Bc4 Rfd8 23. Rfd1
Nxc4 24. Qxc4 Rxd1+ 25. Rxd1 Rd8 26. Rxd8+ Qxd8 27. g3 Qd1+ 28. Qf1 Qd4+ 29.
Qf2 Qd5 30. Qe2 a5 1/2-1/2

[Event "Oberliga Ost B"]
[Site "?"]
[Date "2022.03.06"]
[Round "9.1"]
[White "Humburg, Philipp"]
[Black "Grund, Sebastian"]
[Result "1-0"]
[WhiteElo "2280"]
[BlackElo "1867"]
[PlyCount "67"]
[EventDate "2021.10.10"]
[EventType "team-tourn"]
[EventCountry "GER"]
[WhiteTeam "Marburg SK"]
[BlackTeam "Erfurt SV Medizin"]
[WhiteTeamCountry "GER"]
[BlackTeamCountry "GER"]

1. e4 c5 2. Nf3 Nc6 3. Bb5 g6 4. Bxc6 dxc6 5. d3 Bg7 6. Nc3 e5 7. Be3 Qe7 8. h3
Nf6 9. Qd2 Nd7 10. O-O Nf8 11. Bh6 f6 12. Bxg7 Qxg7 13. a3 g5 14. Nh2 h5 15. b4
cxb4 16. axb4 g4 17. h4 Ng6 18. g3 Rg8 19. Ne2 b6 20. Ra3 Be6 21. Rfa1 Qd7 22.
Nf1 Nh8 23. Ra6 Ke7 24. Qc3 Rgb8 25. Ne3 Nf7 26. d4 exd4 27. Nxd4 Ne5 28. Nxe6
Kxe6 29. Rd1 Qb7 30. Qb3+ Ke7 31. Nf5+ Kf8 32. Qe6 Qf7 33. Qd6+ Ke8 34. Qxb8+
1-0

[Event "Oberliga Ost B"]
[Site "?"]
[Date "2022.03.06"]
[Round "9.2"]
[White "Jakob, Matthias"]
[Black "Rolle, Eric"]
[Result "0-1"]
[WhiteElo "2108"]
[BlackElo "2146"]
[PlyCount "124"]
[EventDate "2021.10.10"]
[EventType "team-tourn"]
[EventCountry "GER"]
[WhiteTeam "Erfurt SV Medizin"]
[BlackTeam "Marburg SK"]
[WhiteTeamCountry "GER"]
[BlackTeamCountry "GER"]

1. d4 Nf6 2. Nc3 d5 3. Bf4 e6 4. e3 Be7 5. Bd3 O-O 6. Nf3 a6 7. O-O c5 8. dxc5
Bxc5 9. e4 dxe4 10. Nxe4 Be7 11. Ne5 Nbd7 12. Qf3 Qb6 13. Nc4 Qc6 14. Nxf6+
Nxf6 15. Qxc6 bxc6 16. Nb6 Ra7 17. Be3 c5 18. Bc4 Nd7 19. Na4 Rc7 20. Rfd1 g5
21. f4 g4 22. Bd2 Nf6 23. Ba5 Rd7 24. Nb6 Rd4 25. Bc3 Rxf4 26. Nxc8 Rxc8 27.
Bxa6 Ra8 28. Bb7 Ra7 29. g3 Rfa4 30. Bc6 Rxa2 31. Rxa2 Rxa2 32. Kf1 Ra6 33. Bg2
Ne8 34. b3 f5 35. Ra1 Rxa1+ 36. Bxa1 Bf6 37. Bc6 Bxa1 38. Bxe8 Kg7 39. Kg2 Kf6
40. h3 gxh3+ 41. Kxh3 Kg5 42. Bd7 e5 43. Bc6 e4 44. Bd5 Bc3 45. Bc6 h5 46. Bd5
Be1 47. Bc6 h4 48. gxh4+ Bxh4 49. c3 Be1 50. b4 cxb4 51. cxb4 Bxb4 52. Kg2 Kf4
53. Kf2 Bc5+ 54. Ke2 Ke5 55. Be8 f4 56. Bh5 Kf5 57. Kf1 f3 58. Be8 e3 59. Bb5
Bb4 60. Ba6 Ke5 61. Bb5 Kd4 62. Ba6 Kc3 0-1

[Event "Oberliga Ost B"]
[Site "?"]
[Date "2022.03.06"]
[Round "9.3"]
[White "Alber, Horst"]
[Black "Mueller Ludwig, Kristin"]
[Result "1/2-1/2"]
[WhiteElo "2268"]
[BlackElo "2013"]
[PlyCount "71"]
[EventDate "2021.10.10"]
[EventType "team-tourn"]
[EventCountry "GER"]
[WhiteTeam "Marburg SK"]
[BlackTeam "Erfurt SV Medizin"]
[WhiteTeamCountry "GER"]
[BlackTeamCountry "GER"]

1. d4 Nf6 2. c4 g6 3. Nc3 Bg7 4. e4 d6 5. Nf3 O-O 6. Be2 e5 7. O-O Nc6 8. d5
Ne7 9. b4 a5 10. bxa5 Rxa5 11. Nd2 b6 12. Nb3 Ra8 13. a4 Ne8 14. Be3 f5 15. f3
Kh8 16. a5 bxa5 17. c5 Ng8 18. Qd2 Ngf6 19. Nxa5 Qd7 20. Bb5 Qf7 21. c6 Ba6 22.
Bxa6 Rxa6 23. Qd3 Ra8 24. exf5 gxf5 25. Qxf5 Qg8 26. Qd3 Nh5 27. Nb3 Rb8 28.
Rab1 Nf4 29. Bxf4 Rxf4 30. Ne4 Nf6 31. g3 Bh6 32. Kh1 Rf5 33. Nxf6 Rxf6 34. Nd2
Bxd2 35. Rxb8 Qxb8 36. Qxd2 1/2-1/2

[Event "Oberliga Ost B"]
[Site "?"]
[Date "2022.03.06"]
[Round "9.4"]
[White "Kirschbaum, Gunnar"]
[Black "Dorst, Johannes"]
[Result "1/2-1/2"]
[WhiteElo "2041"]
[BlackElo "2235"]
[PlyCount "97"]
[EventDate "2021.10.10"]
[EventType "team-tourn"]
[EventCountry "GER"]
[WhiteTeam "Erfurt SV Medizin"]
[BlackTeam "Marburg SK"]
[WhiteTeamCountry "GER"]
[BlackTeamCountry "GER"]

{[%evp 0,97,19,31,29,-16,28,32,43,36,54,36,34,36,28,28,32,32,34,26,34,31,33,32,
49,10,23,16,36,13,14,-33,-31,-31,-31,-32,-22,-38,-59,-46,-43,-63,-34,-103,-96,
-184,-116,-146,-81,-122,-102,-100,-88,-89,-112,-114,-98,-122,-100,-108,-78,-85,
-60,-74,-56,-39,-55,-95,-47,-58,-58,-178,-174,-174,-182,-218,-155,-168,-124,
-122,-104,-75,-72,-72,-44,-93,-105,-147,-147,-147,-159,-154,0,0,0,0,568,241,
253,0]} 1. d4 Nf6 2. c4 c5 3. d5 b5 4. cxb5 a6 5. b6 d6 6. Nc3 Nbd7 7. e4 g6 8.
Nf3 Bg7 9. Be2 O-O 10. O-O Qxb6 11. Nd2 Qa7 12. Kh1 Rb8 13. Nc4 Nb6 14. Na5 Bd7
15. f4 Qc7 16. Nc4 Nxc4 17. Bxc4 Bb5 18. Qe2 Bxc4 19. Qxc4 Rb4 20. Qe2 Qb7 21.
Rb1 Nd7 22. Qc2 f5 23. exf5 Rxf5 24. Bd2 Bxc3 25. bxc3 Rxb1 26. Rxb1 Qxd5 27.
c4 Qc6 28. Be3 Rf8 29. Re1 Rf7 30. Bc1 Qc8 31. Qe2 Nf6 32. Bb2 Qf5 33. Qf3 h5
34. h3 Kh7 35. Qa8 Qxf4 36. Bxf6 Qxf6 37. Qxa6 Qc3 38. Rg1 Rf4 39. Qb7 Qf6 40.
a4 Rxc4 41. a5 Rb4 42. Qd7 Qe5 43. a6 Qe4 44. Qe8 Ra4 45. Rf1 Kh6 46. Qh8+ Kg5
47. Qb2 Kh4 48. Ra1 Rxa6 49. Rxa6 1/2-1/2

[Event "Oberliga Ost B"]
[Site "?"]
[Date "2022.03.06"]
[Round "9.5"]
[White "Henrich, Thomas"]
[Black "Rost, Detlef"]
[Result "1-0"]
[WhiteElo "2151"]
[BlackElo "1899"]
[PlyCount "37"]
[EventDate "2021.10.10"]
[EventType "team-tourn"]
[EventCountry "GER"]
[WhiteTeam "Marburg SK"]
[BlackTeam "Erfurt SV Medizin"]
[WhiteTeamCountry "GER"]
[BlackTeamCountry "GER"]

1. d4 Nf6 2. c4 e6 3. Nc3 d5 4. Bg5 Nbd7 5. e3 c6 6. Nf3 Qa5 7. cxd5 Nxd5 8.
Qd2 Bb4 9. Rc1 N7b6 10. e4 Nxc3 11. bxc3 Ba3 12. Rc2 O-O 13. Bd3 c5 14. O-O Bd7
15. e5 Ba4 16. Bf6 h6 17. Qf4 Bxc2 18. Qg4 g6 19. Qh4 1-0

[Event "Oberliga Ost B"]
[Site "?"]
[Date "2022.03.06"]
[Round "9.7"]
[White "Neidhardt, Helge"]
[Black "Fischer, Dennis"]
[Result "0-1"]
[WhiteElo "2014"]
[BlackElo "1961"]
[PlyCount "108"]
[EventDate "2021.10.10"]
[EventType "team-tourn"]
[EventCountry "GER"]
[WhiteTeam "Marburg SK"]
[BlackTeam "Erfurt SV Medizin"]
[WhiteTeamCountry "GER"]
[BlackTeamCountry "GER"]

1. d4 Nf6 2. Nf3 g6 3. c4 Bg7 4. Nc3 O-O 5. e4 d6 6. Be2 Nbd7 7. O-O e5 8. dxe5
dxe5 9. Qc2 c6 10. Rd1 Qc7 11. b3 Re8 12. Ba3 Bf8 13. Bb2 Nh5 14. a3 a5 15. Bc1
Ndf6 16. h3 Nf4 17. Bf1 N6h5 18. Be3 Ne6 19. g3 Bd7 20. Kh2 Rad8 21. Bg2 Bc8
22. Qb2 Bc5 23. Bxc5 Nxc5 24. Qc2 Qb6 25. Na4 Qxb3 26. Qxb3 Nxb3 27. Rab1 Rxd1
28. Rxd1 Be6 29. Nxe5 f6 30. Nd7 Re7 31. Nac5 Bxd7 32. Nxd7 Kf7 33. Nb6 Ke6 34.
f4 Nc5 35. Bf3 Ng7 36. Kg2 Ne8 37. Kf2 Rc7 38. Re1 Nd3+ 39. Ke2 Nxe1 40. Kxe1
Kd6 41. Na4 b5 42. c5+ Ke6 43. Nb2 Rc8 44. Kd2 Nc7 45. Nd3 Na6 46. Kc3 Rb8 47.
Kb3 b4 48. a4 Rd8 49. Kc4 Rxd3 50. Kxd3 Nxc5+ 51. Kc4 Nxa4 52. e5 fxe5 53. Bxc6
exf4 54. gxf4 Nc3 0-1